00634 2200229 4500001002100000005001500021035002000036007000300056008004100059020002200100082001000122084001600132100002100148245008800169250001000257260003800267300002800305650002900333700002000362990001100382990001100393INLIS00000000000313320190207093456 a0010-0219000075ta190207 g 0 ind  a978-602-1694-40-4 a297.4 a297.4 IRM a0 aIRMA, Hikmayanti1 aAlhamdulillah Nikmat Iman dari Allah /cIrma Hikmayanti; penyunting, Aminah Mustari acet.1 aJakarta :bAl-Kautsar Kids,c2016 a72 hlm :bilus ;c25 cm aISLAM. FIQIH CERITA ANAK0 aAMINAH, Mustari a6451 a a6451 b